000 00325nam a22001457a 4500
020 _a978-0782116090
041 _aENG
100 _aDickler.H
245 _aProgrammer's Guide To Foxpro 2.6
250 _aSecond Ed
260 _aDelhi
_bBPB Publications
_c1995
300 _a766
650 _aComputer
856 _uComputer
999 _c768
_d768